Efektívne vedenie tímov v podniku diplomová práca

Saved in:
Bibliographic Details
Main Author: Šmalová, Lucia
Corporate Author: Fakulta podnikového manažmentu EU. Katedra manažmentu
Other Authors: Papulová, Emília
Format: Book
Language:Slovak
Published: Bratislava 2016
Tags: Add Tag
No Tags, Be the first to tag this record!

MARC

LEADER 00000nbm a2200000 4500
001 0218372
005 20170222142907.8
041 0 |a slo 
044 |a SK 
245 1 0 |a Efektívne vedenie tímov v podniku  |b diplomová práca  |c Lucia Šmalová ; školiteľ: Emília Papulová 
264 1 |a Bratislava  |c 2016 
300 |a 94 s. 
100 1 |a Šmalová, Lucia 
700 1 |a Papulová, Emília 
710 2 |a Fakulta podnikového manažmentu EU. Katedra manažmentu